000 00450nam a2200181Ia 4500
001 8743
005 20260306160632.0
008 260306t2018||||xx |||||||||||||| ||spa||
041 _aESP
082 _a371.3
_bT81
100 _aTricot, André
_eAUT
245 0 _aInnovar en educación sí, pero ¿cómo?:
_bmitos y realidades
260 _c2018
300 _a123 páginas :
_c21 cm.
650 _aGEN
654 _aCED
942 _cLIB
_dJUS
_fJUS
_2ddc
_n
999 _c8743
_d8743